Top XIs: Manchester United (1976-2023) - Statistics

General Stats
  • This quiz has been taken 2,531 times
    2,200 since last reset
  • The average score is 271 of 500
Answer Stats
Hint Position Answer % Correct
2004/2005 MF Cristiano Ronaldo
95%
2005/2006 MF Cristiano Ronaldo
95%
2006/2007 MF Cristiano Ronaldo
95%
2007/2008 MF Cristiano Ronaldo
95%
2008/2009 UCL ST Cristiano Ronaldo
95%
2021/2022 ST Cristiano Ronaldo
95%
2004/2005 ST Wayne Rooney
94%
2005/2006 ST Wayne Rooney
94%
2006/2007 ST Wayne Rooney
94%
2007/2008 ST Wayne Rooney
94%
2008/2009 UCL ST Wayne Rooney
94%
2009/2010 ST Wayne Rooney
94%
2010/2011 ST Wayne Rooney
94%
2011/2012 ST Wayne Rooney
94%
2012/2013 ST Wayne Rooney
94%
2013/2014 ST Wayne Rooney
94%
2014/2015 ST Wayne Rooney
94%
2015/2016 ST Wayne Rooney
94%
2015/2016 UCL ST Wayne Rooney
94%
2016/2017🏺 ST Marcus Rashford
91%
2017/2018 ST Marcus Rashford
91%
2018/2019 ST Marcus Rashford
91%
2019/2020 ST Marcus Rashford
91%
2020/2021 UCL ST Marcus Rashford
91%
2020/2021 EL F ST Marcus Rashford
91%
2022/2023 ST Marcus Rashford
91%
2022/2023 EL ST Marcus Rashford
91%
2019/2020 DF Harry Maguire
90%
2020/2021 UCL DF Harry Maguire
90%
2020/2021 EL F DF Harry Maguire
90%
2021/2022 DF Harry Maguire
90%
2002/2003 DF Rio Ferdinand
90%
2004/2005 DF Rio Ferdinand
90%
2005/2006 DF Rio Ferdinand
90%
2006/2007 DF Rio Ferdinand
90%
2007/2008 DF Rio Ferdinand
90%
2008/2009 UCL DF Rio Ferdinand
90%
2010/2011 DF Rio Ferdinand
90%
2011/2012 DF Rio Ferdinand
90%
2012/2013 DF Rio Ferdinand
90%
1997/1998 MF Paul Scholes
88%
1998/1999 MF Paul Scholes
88%
1999/2000 MF Paul Scholes
88%
2000/2001 MF Paul Scholes
88%
2001/2002 MF Paul Scholes
88%
2002/2003 MF Paul Scholes
88%
2003/2004 MF Paul Scholes
88%
2004/2005 MF Paul Scholes
88%
2006/2007 MF Paul Scholes
88%
2009/2010 MF Paul Scholes
88%
1991/1992 MF Ryan Giggs
88%
1992/1993 MF Ryan Giggs
88%
1993/1994 MF Ryan Giggs
88%
1994/1995 MF Ryan Giggs
88%
1995/1996 MF Ryan Giggs
88%
1996/1997 MF Ryan Giggs
88%
1997/1998 MF Ryan Giggs
88%
1999/2000 MF Ryan Giggs
88%
2000/2001 MF Ryan Giggs
88%
2002/2003 MF Ryan Giggs
88%
2003/2004 MF Ryan Giggs
88%
2004/2005 MF Ryan Giggs
88%
2006/2007 MF Ryan Giggs
88%
2007/2008 MF Ryan Giggs
88%
2018/2019 DF Luke Shaw
86%
2019/2020 DF Luke Shaw
86%
2020/2021 EL F DF Luke Shaw
86%
2022/2023 DF Luke Shaw
86%
2006/2007 DF Nemanja Vidić
86%
2007/2008 DF Nemanja Vidić
86%
2008/2009 UCL DF Nemanja Vidić
86%
2009/2010 DF Nemanja Vidić
86%
2010/2011 DF Nemanja Vidić
86%
2013/2014 DF Nemanja Vidić
86%
1997/1998 DF Phil Neville
86%
2003/2004 DF Phil Neville
86%
1994/1995 DF Gary Neville
85%
1995/1996 DF Gary Neville
85%
1996/1997 DF Gary Neville
85%
1997/1998 DF Gary Neville
85%
1998/1999 DF Gary Neville
85%
2000/2001 DF Gary Neville
85%
2001/2002 DF Gary Neville
85%
2003/2004 DF Gary Neville
85%
2004/2005 DF Gary Neville
85%
2005/2006 DF Gary Neville
85%
2006/2007 DF Gary Neville
85%
2020/2021 UCL MF Bruno Fernandes
84%
2020/2021 EL F MF Bruno Fernandes
84%
2021/2022 MF Bruno Fernandes
84%
2022/2023 MF Bruno Fernandes
84%
2022/2023 EL MF Bruno Fernandes
84%
2016/2017🏺 MF Paul Pogba
83%
2017/2018 MF Paul Pogba
83%
2018/2019 MF Paul Pogba
83%
1995/1996 MF David Beckham
82%
1996/1997 MF David Beckham
82%
1997/1998 MF David Beckham
82%
1998/1999 MF David Beckham
82%
1999/2000 MF David Beckham
82%
2000/2001 MF David Beckham
82%
2001/2002 MF David Beckham
82%
2002/2003 MF David Beckham
82%
2007/2008 DF Patrice Evra
82%
2008/2009 UCL DF Patrice Evra
82%
2009/2010 DF Patrice Evra
82%
2010/2011 DF Patrice Evra
82%
2011/2012 DF Patrice Evra
82%
2012/2013 DF Patrice Evra
82%
2013/2014 DF Patrice Evra
82%
2015/2016 ST Anthony Martial
80%
2015/2016 UCL ST Anthony Martial
80%
2019/2020 ST Anthony Martial
80%
2020/2021 UCL ST Anthony Martial
80%
2006/2007 MF Michael Carrick
80%
2007/2008 MF Michael Carrick
80%
2008/2009 UCL MF Michael Carrick
80%
2009/2010 MF Michael Carrick
80%
2010/2011 MF Michael Carrick
80%
2011/2012 MF Michael Carrick
80%
2012/2013 MF Michael Carrick
80%
2013/2014 MF Michael Carrick
80%
2015/2016 MF Michael Carrick
80%
2012/2013 ST Robin van Persie
80%
2014/2015 ST Robin van Persie
80%
1995/1996 ST Andy Cole
79%
1997/1998 ST Andy Cole
79%
1998/1999 ST Andy Cole
79%
1999/2000 ST Andy Cole
79%
2001/2002 ST Ruud van Nistelrooy
78%
2002/2003 ST Ruud van Nistelrooy
78%
2003/2004 ST Ruud van Nistelrooy
78%
2005/2006 ST Ruud van Nistelrooy
78%
2011/2012 DF Phil Jones
77%
2013/2014 DF Phil Jones
77%
2014/2015 DF Phil Jones
77%
2016/2017🏺 ST Zlatan Ibrahimović
77%
2022/2023 MF Casemiro
76%
2022/2023 EL MF Casemiro
76%
2009/2010 MF Nani
75%
2010/2011 MF Nani
75%
2011/2012 MF Nani
75%
1993/1994 MF Roy Keane
75%
1995/1996 MF Roy Keane
75%
1998/1999 MF Roy Keane
75%
1999/2000 MF Roy Keane
75%
2000/2001 MF Roy Keane
75%
2001/2002 MF Roy Keane
75%
2003/2004 MF Roy Keane
75%
2004/2005 MF Roy Keane
75%
2021/2022 DF Diogo Dalot
74%
2022/2023 DF Diogo Dalot
74%
2022/2023 EL DF Diogo Dalot
74%
1992/1993 ST Éric Cantona
74%
1993/1994 ST Éric Cantona
74%
1995/1996 ST Éric Cantona
74%
1996/1997 ST Éric Cantona
74%
2009/2010 DF Antonio Valencia
73%
2011/2012 MF Antonio Valencia
73%
2012/2013 MF Antonio Valencia
73%
2013/2014 MF Antonio Valencia
73%
2014/2015 DF Antonio Valencia
73%
2016/2017🏺 DF Antonio Valencia
73%
2017/2018 DF Antonio Valencia
73%
2021/2022 DF Raphaël Varane
73%
2022/2023 DF Raphaël Varane
73%
2017/2018 DF Victor Lindelöf
73%
2018/2019 DF Victor Lindelöf
73%
2019/2020 DF Victor Lindelöf
73%
2020/2021 UCL DF Victor Lindelöf
73%
2020/2021 EL F DF Victor Lindelöf
73%
2022/2023 EL DF Victor Lindelöf
73%
2007/2008 ST Carlos Tevez
71%
1998/1999 ST Dwight Yorke
71%
1999/2000 ST Dwight Yorke
71%
2020/2021 UCL MF Scott McTominay
71%
2020/2021 EL F MF Scott McTominay
71%
2021/2022 MF Scott McTominay
71%
2019/2020 DF Aaron Wan-Bissaka
70%
2020/2021 UCL DF Aaron Wan-Bissaka
70%
2020/2021 EL F DF Aaron Wan-Bissaka
70%
2014/2015 MF Juan Mata
70%
2015/2016 MF Juan Mata
70%
2015/2016 UCL MF Juan Mata
70%
2017/2018 MF Juan Mata
70%
1996/1997 ST Ole Gunnar Solskjær
70%
2000/2001 ST Ole Gunnar Solskjær
70%
2001/2002 ST Ole Gunnar Solskjær
70%
2002/2003 ST Ole Gunnar Solskjær
70%
2013/2014 DF Chris Smalling
69%
2014/2015 DF Chris Smalling
69%
2015/2016 DF Chris Smalling
69%
2015/2016 UCL DF Chris Smalling
69%
2017/2018 DF Chris Smalling
69%
2018/2019 DF Chris Smalling
69%
2008/2009 UCL ST Dimitar Berbatov
69%
2009/2010 ST Dimitar Berbatov
69%
1989/1990 DF Lee Martin
69%
2022/2023 ST Antony
67%
2022/2023 EL ST Antony
67%
2019/2020 MF Fred
67%
2020/2021 UCL MF Fred
67%
2020/2021 EL F MF Fred
67%
2021/2022 MF Fred
67%
2022/2023 DF Lisandro Martínez
67%
2022/2023 EL DF Lisandro Martínez
67%
2005/2006 MF Darren Fletcher
66%
2008/2009 UCL MF Darren Fletcher
66%
2009/2010 MF Darren Fletcher
66%
2010/2011 MF Darren Fletcher
66%
2009/2010 DF Jonny Evans
66%
2011/2012 DF Jonny Evans
66%
2012/2013 DF Jonny Evans
66%
1997/1998 ST Teddy Sheringham
66%
2000/2001 ST Teddy Sheringham
66%
2011/2012 MF Ashley Young
65%
2017/2018 DF Ashley Young
65%
2018/2019 DF Ashley Young
65%
1998/1999 DF Jaap Stam
65%
1999/2000 DF Jaap Stam
65%
2000/2001 DF Jaap Stam
65%
2021/2022 ST Jadon Sancho
64%
2022/2023 ST Jadon Sancho
64%
2002/2003 DF John O'Shea
64%
2003/2004 DF John O'Shea
64%
2005/2006 DF John O'Shea
64%
2008/2009 UCL DF John O'Shea
64%
2017/2018 ST Romelu Lukaku
64%
2018/2019 ST Romelu Lukaku
64%
2017/2018 MF Nemanja Matić
63%
2018/2019 MF Nemanja Matić
63%
2000/2001 DF Wes Brown
63%
2001/2002 DF Wes Brown
63%
2007/2008 DF Wes Brown
63%
2015/2016 MF Jesse Lingard
62%
2017/2018 MF Jesse Lingard
62%
2018/2019 MF Jesse Lingard
62%
2014/2015 MF Ángel Di María
61%
2010/2011 DF Rafael
61%
2012/2013 DF Rafael
61%
1990/1991 DF Denis Irwin
60%
1991/1992 DF Denis Irwin
60%
1992/1993 DF Denis Irwin
60%
1993/1994 DF Denis Irwin
60%
1994/1995 DF Denis Irwin
60%
1995/1996 DF Denis Irwin
60%
1996/1997 DF Denis Irwin
60%
1998/1999 DF Denis Irwin
60%
1999/2000 DF Denis Irwin
60%
2016/2017🏺 DF Eric Bailly
59%
1987/1988 DF Viv Anderson
59%
2014/2015 MF Marouane Fellaini
58%
2016/2017🏺 MF Marouane Fellaini
58%
2022/2023 MF Christian Eriksen
57%
2022/2023 EL MF Christian Eriksen
57%
2019/2020 ST Mason Greenwood
57%
2020/2021 EL F ST Mason Greenwood
57%
2016/2017🏺 MF Ander Herrera
56%
2018/2019 MF Ander Herrera
56%
1995/1996 MF Nicky Butt
56%
1996/1997 MF Nicky Butt
56%
1997/1998 MF Nicky Butt
56%
2020/2021 EL F ST Edinson Cavani
55%
2014/2015 MF Daley Blind
54%
2015/2016 DF Daley Blind
54%
2015/2016 UCL DF Daley Blind
54%
2016/2017🏺 DF Daley Blind
54%
2001/2002 MF Juan S. Verón
54%
2002/2003 MF Juan S. Verón
54%
2014/2015 DF Marcos Rojo
54%
2015/2016 DF Marcos Rojo
54%
2015/2016 UCL DF Marcos Rojo
54%
2016/2017🏺 DF Marcos Rojo
54%
1984/1985 ST Mark Hughes
53%
1985/1986 ST Mark Hughes
53%
1988/1989 ST Mark Hughes
53%
1989/1990 ST Mark Hughes
53%
1990/1991 ST Mark Hughes
53%
1991/1992 ST Mark Hughes
53%
1992/1993 ST Mark Hughes
53%
1993/1994 ST Mark Hughes
53%
1994/1995 ST Mark Hughes
53%
2015/2016 UCL MF Basti Schweinsteiger
52%
2013/2014 ST Danny Welbeck
52%
1999/2000 DF Mikael Silvestre
52%
2000/2001 DF Mikael Silvestre
52%
2001/2002 DF Mikael Silvestre
52%
2002/2003 DF Mikael Silvestre
52%
2003/2004 DF Mikael Silvestre
52%
2004/2005 DF Mikael Silvestre
52%
2005/2006 DF Mikael Silvestre
52%
2015/2016 DF Matteo Darmian
51%
2015/2016 UCL DF Matteo Darmian
51%
1988/1989 DF Steve Bruce
51%
1989/1990 DF Steve Bruce
51%
1990/1991 DF Steve Bruce
51%
1991/1992 DF Steve Bruce
51%
1992/1993 DF Steve Bruce
51%
1993/1994 DF Steve Bruce
51%
1994/1995 DF Steve Bruce
51%
1995/1996 DF Steve Bruce
51%
1981/1982 MF Bryan Robson
47%
1982/1983 MF Bryan Robson
47%
1983/1984 MF Bryan Robson
47%
1984/1985 MF Bryan Robson
47%
1985/1986 MF Bryan Robson
47%
1986/1987 MF Bryan Robson
47%
1987/1988 MF Bryan Robson
47%
1988/1989 MF Bryan Robson
47%
1989/1990 MF Bryan Robson
47%
2004/2005 MF Alan Smith
46%
2005/2006 MF Alan Smith
46%
1989/1990 DF Gary Pallister
46%
1990/1991 DF Gary Pallister
46%
1991/1992 DF Gary Pallister
46%
1992/1993 DF Gary Pallister
46%
1993/1994 DF Gary Pallister
46%
1994/1995 DF Gary Pallister
46%
1995/1996 DF Gary Pallister
46%
1996/1997 DF Gary Pallister
46%
1997/1998 DF Gary Pallister
46%
2015/2016 MF Morgan Schneiderlin
46%
2015/2016 UCL MF Morgan Schneiderlin
46%
2007/2008 MF Owen Hargreaves
46%
1989/1990 MF Paul Ince
46%
1990/1991 MF Paul Ince
46%
1991/1992 MF Paul Ince
46%
1992/1993 MF Paul Ince
46%
1993/1994 MF Paul Ince
46%
1994/1995 MF Paul Ince
46%
2006/2007 ST Louis Saha
45%
2012/2013 MF Tom Cleverley
45%
2001/2002 DF Laurent Blanc
44%
2002/2003 DF Laurent Blanc
44%
2012/2013 MF Shinji Kagawa
43%
2013/2014 MF Shinji Kagawa
43%
2022/2023 EL DF Tyrell Malacia
42%
2019/2020 MF Daniel James
41%
2004/2005 DF Gabriel Heinze
41%
2006/2007 DF Gabriel Heinze
41%
2015/2016 UCL ST Memphis Depay
41%
2020/2021 UCL DF Alex Telles
39%
2021/2022 DF Alex Telles
39%
1996/1997 DF Ronny Johnsen
39%
1998/1999 DF Ronny Johnsen
39%
1991/1992 MF Andrei Kanchelskis
37%
1993/1994 MF Andrei Kanchelskis
37%
1994/1995 MF Andrei Kanchelskis
37%
2003/2004 ST Diego Forlán
37%
2005/2006 MF Ji-Sung Park
36%
1991/1992 DF Paul Parker
36%
1992/1993 DF Paul Parker
36%
1993/1994 DF Paul Parker
36%
2022/2023 EL ST Wout Weghorst
36%
1996/1997 DF David May
34%
2013/2014 MF Adnan Januzaj
33%
2016/2017🏺 MF Henrikh Mkhitaryan
33%
1987/1988 ST Brian McClair
32%
1988/1989 ST Brian McClair
32%
1989/1990 ST Brian McClair
32%
1990/1991 ST Brian McClair
32%
1991/1992 ST Brian McClair
32%
1992/1993 MF Brian McClair
32%
1994/1995 ST Brian McClair
32%
2010/2011 ST Chicharito
32%
2011/2012 ST Chicharito
32%
1997/1998 DF Henning Berg
31%
1999/2000 DF Henning Berg
31%
1988/1989 MF Lee Sharpe
31%
1990/1991 MF Lee Sharpe
31%
1992/1993 MF Lee Sharpe
31%
1994/1995 MF Lee Sharpe
31%
2021/2022 ST Anthony Elanga
30%
1998/1999 MF Jesper Blomqvist
29%
2003/2004 MF Quinton Fortune
29%
2020/2021 UCL MF Donny van de Beek
29%
2019/2020 MF Andreas Pereira
27%
1985/1986 DF Paul McGrath
20%
1986/1987 DF Paul McGrath
20%
1987/1988 DF Paul McGrath
20%
1988/1989 DF Paul McGrath
20%
1979/1980 MF Ray Wilkins
20%
1981/1982 MF Ray Wilkins
20%
1982/1983 MF Ray Wilkins
20%
1983/1984 MF Ray Wilkins
20%
1981/1982 ST Frank Stapleton
18%
1982/1983 ST Frank Stapleton
18%
1983/1984 ST Frank Stapleton
18%
1985/1986 ST Frank Stapleton
18%
1986/1987 ST Frank Stapleton
18%
1984/1985 MF Gordon Strachan
18%
1985/1986 MF Gordon Strachan
18%
1986/1987 MF Gordon Strachan
18%
1987/1988 MF Gordon Strachan
18%
1988/1989 MF Gordon Strachan
18%
1982/1983 ST Norman Whiteside
18%
1985/1986 MF Norman Whiteside
18%
1986/1987 MF Norman Whiteside
18%
1987/1988 ST Norman Whiteside
18%
1976/1977 MF Steve Coppell
18%
1977/1978 MF Steve Coppell
18%
1978/1979 MF Steve Coppell
18%
1979/1980 MF Steve Coppell
18%
1980/1981 MF Steve Coppell
18%
1981/1982 MF Steve Coppell
18%
1977/1978 DF Arthur Albiston
17%
1978/1979 DF Arthur Albiston
17%
1980/1981 DF Arthur Albiston
17%
1981/1982 DF Arthur Albiston
17%
1982/1983 DF Arthur Albiston
17%
1983/1984 DF Arthur Albiston
17%
1984/1985 DF Arthur Albiston
17%
1985/1986 DF Arthur Albiston
17%
1988/1989 DF Clayton Blackmore
17%
1989/1990 DF Clayton Blackmore
17%
1990/1991 DF Clayton Blackmore
17%
1978/1979 DF Gordon McQueen
17%
1979/1980 DF Gordon McQueen
17%
1982/1983 DF Gordon McQueen
17%
1983/1984 DF Gordon McQueen
17%
1989/1990 MF Mike Phelan
17%
1990/1991 MF Mike Phelan
17%
1990/1991 MF Neil Webb
17%
1991/1992 MF Neil Webb
17%
1978/1979 ST Joe Jordan
16%
1979/1980 ST Joe Jordan
16%
1980/1981 ST Joe Jordan
16%
1976/1977 MF Lou Macari
16%
1977/1978 MF Lou Macari
16%
1978/1979 MF Lou Macari
16%
1979/1980 MF Lou Macari
16%
1980/1981 MF Lou Macari
16%
1976/1977 DF Brian Greenhoff
15%
1978/1979 DF Brian Greenhoff
15%
1976/1977 ST Jimmy Greenhoff
15%
1977/1978 ST Jimmy Greenhoff
15%
1978/1979 MF Jimmy Greenhoff
15%
1981/1982 MF Remi Moses
15%
1982/1983 MF Remi Moses
15%
1983/1984 MF Remi Moses
15%
1984/1985 MF Remi Moses
15%
1976/1977 MF Sammy McIlroy
15%
1977/1978 MF Sammy McIlroy
15%
1978/1979 MF Sammy McIlroy
15%
1979/1980 MF Sammy McIlroy
15%
1980/1981 MF Sammy McIlroy
15%
1984/1985 MF Jesper Olsen
14%
1985/1986 MF Jesper Olsen
14%
1986/1987 MF Jesper Olsen
14%
1987/1988 MF Jesper Olsen
14%
1980/1981 DF Kevin Moran
14%
1981/1982 DF Kevin Moran
14%
1982/1983 DF Kevin Moran
14%
1983/1984 DF Kevin Moran
14%
1986/1987 DF Kevin Moran
14%
1987/1988 DF Kevin Moran
14%
1976/1977 DF Martin Buchan
14%
1977/1978 DF Martin Buchan
14%
1978/1979 DF Martin Buchan
14%
1979/1980 DF Martin Buchan
14%
1981/1982 DF Martin Buchan
14%
1978/1979 MF Mickey Thomas
14%
1979/1980 MF Mickey Thomas
14%
1980/1981 MF Mickey Thomas
14%
1976/1977 DF Jimmy Nicholl
13%
1977/1978 DF Jimmy Nicholl
13%
1979/1980 DF Jimmy Nicholl
13%
1980/1981 DF Jimmy Nicholl
13%
1982/1983 DF Mike Duxbury
13%
1983/1984 DF Mike Duxbury
13%
1984/1985 DF Mike Duxbury
13%
1985/1986 DF Mike Duxbury
13%
1986/1987 DF Mike Duxbury
13%
1987/1988 DF Mike Duxbury
13%
1976/1977 ST Stuart Pearson
13%
1977/1978 ST Stuart Pearson
13%
1982/1983 MF Arnold Mühren
12%
1983/1984 MF Arnold Mühren
12%
1976/1977 MF Gordon Hill
12%
1977/1978 MF Gordon Hill
12%
1986/1987 ST Peter Davenport
11%
1987/1988 MF Peter Davenport
11%
1989/1990 MF Danny Wallace
10%
1981/1982 DF John Gidman
10%
1984/1985 DF John Gidman
10%
1985/1986 DF John Gidman
10%
1984/1985 ST Alan Brazil
9%
1980/1981 ST Garry Birtles
9%
1981/1982 ST Garry Birtles
9%
1984/1985 DF Graeme Hogg
8%
1988/1989 DF Mal Donaghy
8%
1988/1989 MF Ralph Milne
8%
1976/1977 DF Stewart Houston
8%
1977/1978 MF Stewart Houston
8%
1983/1984 ST Arthur Graham
7%
1979/1980 DF Ashley Grimes
7%
1986/1987 DF John Sivebæk
7%
2008/2009 UCL MF Anderson
4%
2010/2011 MF Anderson
4%
1980/1981 DF Nikola Jovanović
4%
No matching quizzes found
Score Distribution
Percent of People with Each Score
Percentile by Number Answered
Your Score History
You have not taken this quiz since the last reset